Statistics for Leaders of Russia and USSR - picture quiz

Click here to take the quiz!

General Stats

  • This quiz has been taken 153 times
  • The average score is 9 of 12

Answer Stats

Answer% Correct
Vladimir Putin
99%
Mikhail Gorbachev
93%
Vladimir Lenin
92%
Boris Yeltsin
79%
Leonid Brezhnev
77%
Nicholas II
75%
Peter the Great
75%
Catherine the Great
73%
Joseph Stalin
71%
Nikita Khrushchev
71%
Yuri Andropov
62%
Dmitri Medvedev
56%

Score Distribution

Percentile by Number Answered

Percent of People with Each Score

Your Score History

You have not taken this quiz